LEADER 00463nam a2200145 i 4500 001 000000016581 003 CaOOAMICUS 005 20180830125443.0 008 180830s1986 it u000 u ita u 040 $aSeMil$bita 245 13$aLa Lombardia. 300 $av. 773 0 $tCorpus vitrearum medii aevi. Italia.$dFirenze : Le Monnier, 1986.$w()16580 774 0 $aPirina, Caterina$tVetrate del Duomo di Milano.$g1$w()64885 996 $6245$aLa Lombardia$9(OLS)http://semarc/title/8826 LEADER 01190nam a2200241 i 4500 001 000000031817 003 CaOOAMICUS 005 20230303102246.0 008 180830s1772 it u000 u ita u 040 $aSeMil$bita 100 1 $aPellegrini, Giuseppe Luigi,$c.$0(OLS)http://semarc/name/13644 245 10$aTobia. Ragionamenti di Giuseppe Luigi Pellegrini, della Compagnia di Gesł. Tomo 1. [-2.]. 260 $aIn Venezia :$bPer Gaspare Storti,$c1772. 300 $a2 v. ;$c8°. 500 $aFregio xilogr. sui front. 500 $aConsistenza: 2 copie del vol. 2 650 4$aBibbia. Antico Testamento. Tobia - Commentari, studi, critica, interpretazioni.$0(OLS)http://semarc/subject/5109 700 1 $aStorti, Gasparo$b<2.,$cEditore>.$0(OLS)http://semarc/name/5662 774 0 $aPellegrini, Giuseppe Luigi $tTomo 1.$g1$w()241417 774 0 $aPellegrini, Giuseppe Luigi $tTomo 2.$g2$w()241419 996 $6245$aTobia. Ragionamenti di Giuseppe Luigi Pellegrini, della Compagnia di Gesł. Tomo 1. [-2.]$9(OLS)http://semarc/title/43163 996 $6260$aIn Venezia :$bPer Gaspare Storti$9(OLS)http://semarc/publisher/39027